1.FSV Mainz 05 Squad 2017-2018 - Statistics

General Stats
  • This quiz has been taken 4 times
  • The average score is 13 of 32
Answer Stats
# Position Nation Player % Correct
9 FW Japan Yoshinori Mutō
100%
10 MF Romania Alexandru Maxim
75%
22 GK Germany Florian Müller
75%
2 DF Italy Giulio Donati
75%
1 GK Germany René Adler
75%
27 GK Germany Robin Zentner
75%
42 DF Germany Alexander Hack
50%
17 FW Spain Jairo Samperio
50%
25 MF Ivory Coast Jean-Philippe Gbamin
50%
21 FW Austria Karim Onisiwo
50%
19 FW Bosnia and Herzegovina Kenan Kodro
50%
5 MF Netherlands Nigel de Jong
50%
32 FW Argentina Pablo de Blasis
50%
7 MF Sweden Robin Quaison
50%
16 DF Germany Stefan Bell
50%
4 DF Senegal Abdou Diallo
25%
20 FW Nigeria Anthony Ujah
25%
18 DF Germany Daniel Brosinski
25%
6 MF Germany Danny Latza
25%
11 FW Denmark Emil Berggreen
25%
20 MF Switzerland Fabian Frei
25%
33 FW Germany Jannik Huth
25%
3 DF Nigeria Leon Balogun
25%
8 FW Germany Levin Öztunali
25%
26 DF Germany Niko Bungert
25%
- Coach Germany Sandro Schwarz
25%
23 MF Germany Suat Serdar
25%
14 FW Denmark Viktor Fischer
25%
24 DF France Gaëtan Bussmann
0%
38 MF Germany Gerrit Holtmann
0%
13 DF Croatia Marin Šverko
0%
28 MF Germany Philipp Klement
0%
No matching quizzes found
Score Distribution
Percent of People with Each Score
Percentile by Number Answered
Your Score History
You have not taken this quiz